Las relaciones humanas en la administración: con lecturas y casos
Saved in:
| Main Author: | |
|---|---|
| Format: | Book |
| Language: | Spanish |
| Published: |
Ciudad de México
Continental
1964
|
| Subjects: | |
| Tags: |
Add Tag
No Tags, Be the first to tag this record!
|
MARC
| LEADER | 00000nam a2200000 a 4500 | ||
|---|---|---|---|
| 001 | UCZ0712 | ||
| 003 | CL-VaPUC | ||
| 008 | 950809e19640500MX |||||||||||||||||spa|d | ||
| 082 | 0 | 4 | |a 158.7 |b DUB |2 21 |
| 100 | 0 | |a Dubin, Robert |e author |9 343865 | |
| 245 | 1 | 4 | |a Las relaciones humanas en la administración: con lecturas y casos |
| 300 | |a 519 p | ||
| 942 | |c BK | ||
| 945 | |d 19950809 00:00:00 |a mfernand | ||
| 260 | |a Ciudad de México |b Continental |c 1964 | ||
| 650 | 0 | |a Organizaciones |9 337993 | |
| 650 | 7 | |a ESTRUCTURA ADMINISTRATIVA |2 CL-VaPUC |9 268757 | |
| 650 | 0 | |a Psicología industrial |9 271739 | |
| 650 | 0 | |a Relaciones laborales |9 335971 | |
| 650 | 0 | |a Motivación |9 315362 | |
| 650 | 0 | |a Relaciones interpersonales |9 307056 | |
| 650 | 7 | |a GRUPOS |2 CL-VaPUC |9 336429 | |
| 650 | 7 | |a RELACIONES ENTRE GRUPOS |2 CL-VaPUC |9 337590 | |
| 650 | 0 | |a Liderazgo |9 271835 | |
| 650 | 0 | |a Selección de personal |9 307100 | |
| 650 | 7 | |a CAPACITACION |2 CL-VaPUC |9 333907 | |
| 650 | 0 | |a Cambio organizacional |9 260741 | |
| 583 | |a last modification |c 19950809 00:00:00 |k Rodrigo Vera | ||
| 999 | |c 237621 |d 237619 | ||
| 952 | |0 0 |1 0 |4 0 |6 158_700000000000000_DUB_1964 |7 0 |8 A |9 247040 |a BIBEDU |b BIBEDU |d 2019-11-18 |i 1558536 |o 158.7 DUB 1964 |p 1558536 |r 2019-11-18 |w 2019-11-18 |y BK |k EDU | ||
| 952 | |0 0 |1 0 |4 0 |6 158_700000000000000_DUB_1964 |7 0 |8 A |9 247041 |a BIBGIM |b BIBGIM |d 2019-11-18 |i 4077164 |o 158.7 DUB 1964 |p 4077164 |r 2025-01-15 |w 2019-11-18 |y BK |k GIM | ||